000 01065naa a22003137a 4500
001 BR9700494
003 BR-BrBNA
005 20240918181850.0
007 ta
008 230509b bl.||||| |||| 00| 0 por d
040 _aBR-BrBNA
_bpor
_cBiblioteca Nacional de Agricultura
041 _a(Pt)
072 _aP11
090 _aP11 BR9700494
100 1 _aTarga, M. dos S.
100 1 _aAndrade, L.N.V. de
100 1 _aFrancescato, R.D.C.
100 1 _aHernandez, F.B.T.
100 1 _aCruciani, D.E.
245 1 _aInfluencia do erro de determinacao dos parametros fisico-hidricos do solo no espaco de drenos subterraneos
260 3 _aBrasilia, DF (Brasil):
_c1994.
500 _a10. Congresso Nacional de Irrigacao e Drenagem. Anais Brasilia, DF (Brasil): 1994. p. 449-458 (BR9700494-AM)P11
650 _aDreno
650 _aDrenagem
650 _aCusto
773 0 _t10. Congresso Nacional de Irrigacao e Drenagem. Anais
_wP11 BR9700494
_gBrasilia, DF (Brasil), 1994. p. 449-458
909 _a202404
_bLucia
_c55
_dLucia Elande
942 _cAM
_2AGRIS
999 _c327246
_d327246